000 01365cam a2200397Ia 4500
001 55483
005 20230410142347.0
008 820609s1981 sp 001 0 spa d
035 _a(OCoLC)ocm08504788
040 _aIBV
_cIBV
_dEL$
_dOCLCQ
020 _a8430037659 (obra completa)
020 _a9788430037650 (obra completa)
020 _a8430037667 (Tomo I)
020 _a9788430037667 (Tomo I)
020 _a8430037675 (Tomo II)
020 _a9788430037674 (Tomo II)
020 _a8430037683 (Tomo III)
020 _a9788430037681 (Tomo III)
035 _a(OCoLC)8504788
050 1 4 _aBX 830
_bG984t 1981
082 0 0 _a262/.52
049 _aGRAL
100 1 _aGutiérrez, Constancio.
245 1 0 _aTrento :
_bun concilio para la union (1550-1552) /
_cedicion critica preparada y anotada por Constancio Gutierrez.
260 _aMadrid :
_bSeteco Artes Graficas,
_c1981.
300 _a3 v. ;
_c25 cm.
440 0 _aCorpus tridentinum hispanicum ;
_v2-4
504 _aIncludes bibliographies and index.
505 0 _a1. Fuentes (1549-1551). -- 2. Fuentes (1552-1553). -- 3. Estudio.
611 2 0 _aCouncil of Trent
_d(1545-1563)
650 4 _aConcilios y sinodos ecumenicos.
856 4 2 _3Más?... busque en WorldCat (solo desde FUNGLODE)
_uwww.firstsearch.oclc.org/fsip
942 _2lcc
_cbk
946 _amfcruz
994 _aC0
_bDRFGD
999 _c94253
_d94253